000 00788nam a22002297a 4500
008 240605b mp ||||| |||| 00| 0 mon d
020 _a978-99929-955-7-2
035 _a8823
040 _aDA0445040
_bmon
_cMN-UlNLM
_dMN-UlNLM
_erda
041 _amon
042 _a26413
084 _221
_a923.2517
_bБ.109
100 _aБаасансүрэн Т.
245 0 _aТөрийн түшээ гэж хэн бэ?
264 _aУлаанбаатар
_bМОНЦАМЭ агентлагийн ХҮ
_c2011
300 _a484 х.
336 _2rdacontent
_atext
_btxt
337 _2rdamedia
_aunmediated
_bn
338 _2rdacarrier
_avolume
_bnc
650 _aТөрийн түшээ, УИХ-ын гишүүн, ярилцлага, Нийтлэл, УИХ-ын гишүүд
942 _210-t
_cBK
999 _c745044
_d745101